000 005620000a22001810004500
003 MACL
005 20160410112819.0
008 160410b xxu||||| |||| 00| 0 eng d
040 _aMACL
_cMACL
041 _aHindi
082 _a080
100 _aबिडला लक्ष्‍मीनिवास
_951563
245 _aजीवन की चुनौती
260 _bसस्‍ता साहित्‍य प्रकाशन
_c2004
_aनई दिल्‍ली
350 _a35
650 _aEducation
_951564
942 _cHIN
_k300
_2ddc
999 _c18648
_d18648